000 00842nam a22002897a 4500
001 BR2013008344
003 BR-BrBNA
005 20230928104303.0
007 ta
008 230509b bl.||||| |||| 00| 0 por d
040 _aBR-BrBNA
_bpor
_cBiblioteca Nacional de Agricultura
041 _a(Por)
072 _aE14
090 _ E14 BR2013008344
110 1 _aEmpresa de Pesquisa Agropecuária de Minas Gerais, Prudente de Morais, MG (Brasil)
_94164
245 1 _aIntegração lavoura-pecuária-floresta em propriedades rurais
260 3 _aPrudente de Morais, MG (Brasil):
_c[nd].
300 _a15 p.
500 _aPublished 2010?; 4 illus
650 _aINTEGRAÇÃO
650 _aLAVOURA
650 _aPECUÁRIA
650 _aFLORESTA
650 _aPROPRIEDADE RURAL
909 _a202309
_bLucia
_c55
_dLucia Elande
942 _cBK
999 _c79109
_d79109